000 00775nam a22001695i 4500
001 172222
003 ES-MaACL
005 20250616063045.0
008 090618s1874 sp |||| | spa d
100 0 _aFrontaura, Carlos,
_d1834-1910
_952739
245 1 1 _a¡Desde el cielo!
_b: cuadro de costumbres populares en un acto /
_coriginal de Carlos Frontaura.
260 _aMadrid :
_b[s.n.],
_c1874 (
_fAribau)
300 _a42 p. ;
_c18 cm.
500 _aRepresentado en 9 de febrero de 1874.
852 _aES-MaACL
_jF-8600(10)
_z.- Enc. pasta española
_q.- Falto de la cub. original
_z.- - Enc. en un vol. facticio, formando parte de la col. facticia "Teatro español moderno", vol. 53
_z.- Ded. autógr. del autor a Antono Sánchez Pérez
999 _c172222
_d172222